The academic factor /

Bibliographic Details
Main Author: Haddad, C. A.
Format: Book
Language:English
Published: New York, N.Y. : Harper & Row, [1980]
Edition:1st ed.

MARC

Tag First Indicator Second Indicator Subfields
LEADER 00000pam a2200000 a 4500
001 in00000643621
005 20151015064134.0
008 791228s1980 nyu 00011 engm
010 |a  79003410  
020 |a 0060118148 :  |c $11.95 
035 |a (OCoLC)05892033 
035 |9 ACW2401AM 
040 |a DLC  |c DLC  |d m.c.  |d TXA  |d UtOrBLW 
049 |a TXAM  |c 1 [385066]  |a TXAS [myst]  |c 2 
050 0 0 |a PS3558.A3117  |b A64 1980 
082 0 |a 813/.54 
100 1 |a Haddad, C. A. 
245 1 4 |a The academic factor /  |c C.A. Haddad. 
250 |a 1st ed. 
264 1 |a New York, N.Y. :  |b Harper & Row,  |c [1980] 
264 4 |c ©1980 
300 |a 216 pages ;  |c 22 cm. 
336 |a text  |b txt  |2 rdacontent 
337 |a unmediated  |b n  |2 rdamedia 
338 |a volume  |b nc  |2 rdacarrier 
500 |a "A Joan Kahn book." 
999 |a MARS 
999 f f |s 73a21560-d2dd-3e4e-b4d3-952716aca59b  |i b3e8f06c-3c85-362c-9705-4b872bf2bbce  |t 0 
952 f f |p ric  |a Texas A&M University  |b Rellis Campus  |c Joint Library Facility  |s JLF  |d Remote Storage  |t 0  |e PS3558.A3117 A64 1980  |h Library of Congress classification  |i unmediated -- volume  |m A14804123899 
998 f f |a PS3558.A3117 A64 1980  |t 0  |l Remote Storage